Foundations of grace / (Record no. 9212)
[ view plain ]
| 000 -LEADER | |
|---|---|
| fixed length control field | 00983cam a2200325 a 4500 |
| 001 - CONTROL NUMBER | |
| control field | 70668634 |
| 003 - CONTROL NUMBER IDENTIFIER | |
| control field | OCoLC |
| 005 - DATE AND TIME OF LATEST TRANSACTION | |
| control field | 20241126110707.0 |
| 008 - FIXED-LENGTH DATA ELEMENTS--GENERAL INFORMATION | |
| fixed length control field | 060710s2006 flu b 001 0deng |
| 010 ## - | |
| -- | 2006022432 |
| 020 ## - INTERNATIONAL STANDARD BOOK NUMBER | |
| International Standard Book Number | 1567690777 |
| 020 ## - INTERNATIONAL STANDARD BOOK NUMBER | |
| International Standard Book Number | 9781567690774 |
| 035 ## - SYSTEM CONTROL NUMBER | |
| System control number | (OCoLC)70668634 |
| 040 ## - CATALOGING SOURCE | |
| Original cataloging agency | DLC |
| Transcribing agency | DLC |
| Modifying agency | BTCTA |
| -- | ABF |
| 082 ## - DEWEY DECIMAL CLASSIFICATION NUMBER | |
| Classification number | 234.1 |
| Item number | LAW |
| 092 ## - LOCALLY ASSIGNED DEWEY CALL NUMBER (OCLC) | |
| Classification number | 234.1 |
| Item number | L425F |
| 100 1# - MAIN ENTRY--PERSONAL NAME | |
| Personal name | Lawson, Steven J |
| 9 (RLIN) | 13629 |
| 245 10 - TITLE STATEMENT | |
| Title | Foundations of grace / |
| Statement of responsibility, etc. | by Steven J. Lawson |
| 260 ## - PUBLICATION, DISTRIBUTION, ETC. | |
| Place of publication, distribution, etc. | Lake Mary, FL : |
| Name of publisher, distributor, etc. | Reformation Trust Pub., |
| Date of publication, distribution, etc. | c2006 |
| 300 ## - PHYSICAL DESCRIPTION | |
| Extent | 577 p. ; |
| Dimensions | 23 cm |
| 490 0# - SERIES STATEMENT | |
| Series statement | A long line of godly men ; |
| Volume/sequential designation | v. 1 |
| 504 ## - BIBLIOGRAPHY, ETC. NOTE | |
| Bibliography, etc. note | Includes bibliographical references and index |
| 630 00 - SUBJECT ADDED ENTRY--UNIFORM TITLE | |
| Uniform title | Bible |
| General subdivision | Criticism, interpretation, etc |
| 9 (RLIN) | 144 |
| 650 #0 - SUBJECT ADDED ENTRY--TOPICAL TERM | |
| Topical term or geographic name entry element | Grace |
| General subdivision | Biblical teaching |
| 9 (RLIN) | 16025 |
| 650 #0 - SUBJECT ADDED ENTRY--TOPICAL TERM | |
| Topical term or geographic name entry element | Grace (Theology) |
| 9 (RLIN) | 2990 |
| 650 #0 - SUBJECT ADDED ENTRY--TOPICAL TERM | |
| Topical term or geographic name entry element | Reformed Church |
| General subdivision | Doctrines |
| 9 (RLIN) | 618 |
| 650 #0 - SUBJECT ADDED ENTRY--TOPICAL TERM | |
| Topical term or geographic name entry element | Calvinism |
| 9 (RLIN) | 3170 |
| 650 #0 - SUBJECT ADDED ENTRY--TOPICAL TERM | |
| Topical term or geographic name entry element | Men in the Bible |
| 9 (RLIN) | 16026 |
| 942 ## - ADDED ENTRY ELEMENTS (KOHA) | |
| Source of classification or shelving scheme | Dewey Decimal Classification |
| Koha item type | Books |
| Koha issues (borrowed), all copies | 1 |
| Withdrawn status | Lost status | Source of classification or shelving scheme | Damaged status | Not for loan | Home library | Current Library | Shelving location | Date acquired | Total checkouts | Full call number | Barcode | Date last seen | Date last checked out | Copy number | Price effective from | Koha item type |
|---|---|---|---|---|---|---|---|---|---|---|---|---|---|---|---|---|
| Dewey Decimal Classification | GRACE BIBLE COLLEGE | GRACE BIBLE COLLEGE | Theology | 2022-06-16 | 1 | 234.1 LAW | 015643 | 2025-05-01 | 2025-01-14 | c.1 | 2022-06-16 | Books | ||||
| Dewey Decimal Classification | GRACE BIBLE COLLEGE | GRACE BIBLE COLLEGE | Theology | 2022-06-16 | 234.1 LAW | 015644 | 2025-05-01 | c.2 | 2022-06-16 | Books | ||||||
| Dewey Decimal Classification | GRACE BIBLE COLLEGE | GRACE BIBLE COLLEGE | Theology | 2022-06-16 | 1 | 234.1 LAW | 015645 | 2025-05-01 | 2022-09-07 | c.3 | 2022-06-16 | Books |